| 000 | 00773nam a2200265Ia 4500 | ||
|---|---|---|---|
| 001 | 21920 | ||
| 005 | 20260320113325.0 | ||
| 008 | 260320s9999||||xx |||||||||||||| ||und|| | ||
| 020 | _a9788420530147 | ||
| 041 | _aESP | ||
| 082 |
_a005.133 _bW21 |
||
| 100 |
_aWall, Kurt, _eAUT |
||
| 245 | 0 |
_aProgramación en Linux : _bal descubierto |
|
| 246 |
_a _5 _b |
||
| 250 | _aSegunda edición | ||
| 260 |
_aMadrid : _bPrentice Hall, _c2001 |
||
| 300 |
_axxv, 846 páginas : _btablas ; _c25 cm. _e |
||
| 440 |
_a _n _v |
||
| 650 | _aGEN | ||
| 653 | _aLenguajes específicos de programación | ||
| 654 | _aCCC | ||
| 700 |
_a _c |
||
| 856 |
_uhttps://research-ebsco-com.ucsp.lookproxy.com/c/qxo6us/search _zVéase además: Base de datos EBSCOhost |
||
| 942 |
_cLIB _dJUS _fMIP _2ddc _n |
||
| 999 |
_c21920 _d21920 |
||